Ensiklopedia nama-nama muslim
| Other Authors: | Abu 'Izzah |
|---|---|
| Published: |
Batu Caves, Selangor:
Penerbitan Darul Iman,
2002.
|
| Subjects: |
| LEADER | 00505cam a2200157 7i4500 | ||
|---|---|---|---|
| 001 | 0000001364 | ||
| 005 | 20161004090000.0 | ||
| 020 | |a 983214941X | ||
| 090 | 0 | 0 | |a CS2970 |b .E56 2002 |
| 245 | 0 | 0 | |a Ensiklopedia nama-nama muslim |c penyusun Abu 'Izzah. |
| 260 | |a Batu Caves, Selangor: |b Penerbitan Darul Iman, |c 2002. | ||
| 300 | |a ix, 509 p.; |c 22 cm. | ||
| 650 | 0 | 0 | |a Names, Personal -- |x Arabic |
| 650 | 0 | 0 | |a Names, Personal -- |x Islamic |
| 650 | 0 | 0 | |a Names, Personal -- |x Religious aspects -- |x Islam |
| 700 | 0 | |a Abu 'Izzah | |


